000 00576nam a2200181Ia 4500
008 090124s9999 xx 000 0 und d
082 _b124985
100 _aधारप नारायण
245 _a पडछाया (भयकथा संग्रह)
250 _a1
260 _c1991
300 _a184
600 _aधारप नारायण
630 _a पडछाया (भयकथा संग्रह)
700 _aधारप नारायण
730 _a पडछाया (भयकथा संग्रह)
942 _cBOOK
999 _c171075
_d171075